Score 0/23 Timer 15:00
1 Play Today
Anagram TV Show % Correct
TorchwoodDoctor Who
52%
Let's Sew HereSt. Elsewhere
46.1%
Sell Biter SleuthHill Street Blues
31.6%
Exit FleshThe X-Files
30.2%
Grab Bank. Die.Breaking Bad
26.6%
Mongers of HateGame of Thrones
26.5%
Worthier Youth MemoHow I Met Your Mother
23.7%
Goofed WhiteThe Good Wife
21.1%
Ordinance PartakersParks and Recreation
20.6%
A Friendly MomModern Family
20.1%
Beg At Thy NeighborThe Big Bang Theory
18.6%
Also Demented PervertArrested Development
16.9%
Anagram TV Show % Correct
Dating, Held WakeThe Walking Dead
15.6%
Shooters NapThe Sopranos
15.5%
Dirtier Charm Held WinMarried... With Children
12.3%
Baby Not OwnedDownton Abbey
12.2%
Am Held? NoHomeland
11.9%
Hefty Ill AnimalAll In The Family
10.9%
Infuse 'Dexter'Six Feet Under
10.5%
Widening GnomesDesigning Women
5.5%
Continue A PoemOnce Upon A Time
4.4%
Craves A MinorVeronica Mars
4.4%
Softer PretensionPerson of Interest
2.9%
Remove Ads.
Support Sporcle.
Get the best of Sporcle when you Go Orange. This ad-free experience offers more features, more stats, and more fun while also helping to support Sporcle. Thank you for becoming a member.

You're not logged in!

Compare scores with friends on all Sporcle quizzes.
OR
Log In

Show Comments

Extras

Top Quizzes Today


Score Distribution

Your Account Isn't Verified!

In order to create a playlist on Sporcle, you need to verify the email address you used during registration. Go to your Sporcle Settings to finish the process.

Report this User

Report this user for behavior that violates our Community Guidelines.

Details: